Orange Logos Quiz Stats

Quiz Updated Oct 26, 2017

Also try: Blue Logos
Challenge
Share
Tweet
Score 0/16 Timer 06:00
2 Plays Today
Hint Answer % Correct
Dunkin' Donuts
97.4%
Mozilla Firefox
94.2%
Harley-Davidson Motor Company
89.1%
Sporcle
82.2%
The Home Depot
81.4%
WNBA
74.5%
Denver Broncos
68.9%
Lufthansa
68.2%
Hint Answer % Correct
Baltimore Orioles
66.2%
Penguin Books
60.2%
Crush
56.8%
ING Group
55.8%
reddit Inc.
53.7%
Blogger
34.7%
Soundcloud
24.3%
Hull City A.F.C.
15.6%

You're not logged in!

Compare scores with friends on all Sporcle quizzes.
Sign Up with Email
OR
Log In

You Might Also Like...

Show Comments

Extras

Top Quizzes Today


Score Distribution

Your Account Isn't Verified!

In order to create a playlist on Sporcle, you need to verify the email address you used during registration. Go to your Sporcle Settings to finish the process.